000 00801nam a2200205 a 4500
003 0
005 20250415153522.0
008 970101s19uu xx 00 eng d
050 _aPGS HQ 755.85
_b.C117 2004
100 _aCabuay, David Robert B.
245 _aSibling relationship of grade 6 students of Southville International School and Colleges /
_cDavid Robert B. Cabuay.
260 _aLas PiƱas City, Philippines :
_bSouthville International School and Colleges,
_c2004.
300 _a26 pages :
_billustrations ;
_c28 cm.
504 _aIncludes bibliographical references.
650 _aSibling rivalry.
650 _aSiblings
_vPsychological aspects.
650 _aChild development
_vFamily influence.
650 _aElementary school children
_vSocial development.
942 _2lcc
_cPASS
999 _c96958
_d96958